000 00241nam a22001097a 4500
082 _a330
100 _aKant,Amitabh
_983785
245 _aMade in India
260 _aNew Delhi
_bRupa Publication
_c2023
650 _aEconomics
942 _cBK
999 _c68755
_d68755